| 000 | 01374cam a22003977a 4500 | ||
|---|---|---|---|
| 003 | CHAP | ||
| 005 | 20220817043510.0 | ||
| 008 | 981204d1993 mx ab r 00110 spa d | ||
| 010 | _a76785 | ||
| 011 | _a77757 | ||
| 020 | _a9686843108 | ||
| 035 | _a87442 | ||
| 040 | _cCHAP | ||
| 090 | _aFolleto 15221 v.8 | ||
| 100 | 0 | 0 |
_aSánchez González, María Consuelo. _9107559 |
| 245 | 1 | 0 |
_aUso y manejo de la leña en X-Uilub, Yucatán _c/por María Consuelo Sánchez González |
| 260 |
_aMérida, Yuc. : _bUniversidad Autónoma de Yucatán, _c1993. |
||
| 300 |
_a117 p. : _bilus. ; gráfs. ; mapas ; cuadros |
||
| 410 | 2 | 1 | _aUniversidad Autónoma de Yucatán |
| 490 | 0 |
_aEtnoflora yucatanense _v; 8 |
|
| 590 |
_aBATCH-UPD _b10 _c20130110 _lUCH01 _h0712 |
||
| 590 |
_aBATCH-UPD _b10 _c20130110 _lUCH01 _h2337 |
||
| 590 |
_aBATCH-UPD _b10 _c20130410 _lUCH01 _h0358 |
||
| 590 |
_aBATCH-UPD _b10 _c20130914 _lUCH01 _h0720 |
||
| 590 |
_aCONVERSION _b10 _c20130109 _lUCH01 _h1342 |
||
| 650 | 1 | 4 |
_aBosques _xUtilización. _914405 |
| 650 | 1 | 4 |
_aCombustibles. _925554 |
| 650 | 1 | 4 |
_aLeña. _966051 |
| 650 | 1 | 4 |
_aMadera como combustible. _969648 |
| 810 | 2 | 1 | _aUniversidad Autónoma de Yucatán |
| 830 | 0 |
_aEtnoflora yucatanense _v; 8 _938650 |
|
| 901 | _aBK | ||
| 905 | _aGuadalupe Pinto C. | ||
| 942 | _cFOLL | ||
| 949 |
_aFolleto 15221 v.8 _bBC _cFOLL _d874421 _eTS1 _i87442 _kDonaciØn _sb |
||
| 999 |
_c76785 _d76785 |
||